| 000 | 00559nam a22002177a 4500 | ||
|---|---|---|---|
| 003 | OSt | ||
| 005 | 20140310181952.0 | ||
| 008 | 121122t xxu||||| |||| 00| 0 eng d | ||
| 020 | _a0553480073 | ||
| 050 |
_aPZ 7 _b.St849 1992 |
||
| 082 |
_aKF _bSt4sv #34 |
||
| 100 |
_aStewart, Molly Mia _93765 |
||
| 245 |
_aThe Best Thanksgiving Ever / _cMolly Mia Stewart. |
||
| 260 |
_aNew York : _bBantam Books, _cc1992. |
||
| 300 |
_a72 p. : _c19 cm. |
||
| 541 | _j1 | ||
| 541 | _j2 | ||
| 562 | _e2 | ||
| 650 |
_aFiction. _9746 |
||
| 942 |
_2lcc _cBK-KF _kKF |
||
| 999 |
_c7879 _d7879 |
||